| 000 | 00813nam a2200289Ia 4500 | ||
|---|---|---|---|
| 005 | 20260324120206.0 | ||
| 008 | 008 260324s9999 xx 000 0 eng d | ||
| 020 | _a9780429226465 | ||
| 037 | _aEBOOK | ||
| 040 | _aCRL | ||
| 040 | _beng | ||
| 040 | _cCRL | ||
| 041 | _2eng | ||
| 041 | _aeng | ||
| 084 | _qCRL | ||
| 100 |
_aKennis Chan _91157558 |
||
| 245 | 0 | _aFuture Communication Technology and Engineering | |
| 245 | 0 | _bProceedings of the 2014 International Conference on Future Communication Technology and Engineering (FCTE 2014), Shenzhen, China, 16-17 November 2014 | |
| 260 | _bTaylor and Francis | ||
| 260 | _c2015 | ||
| 365 | _a | ||
| 365 | _b305 | ||
| 856 | _uhttp://www.taylorfrancis.com/books/9780429226465 | ||
| 942 | _cEBOOK | ||
| 999 |
_c1748993 _d1748993 |
||